Dokumentasyon ng mga batas pangwika, komisyon sa wikang filipino at iba pang kaugnay na batas: (Record no. 7904)

MARC details
000 -LEADER
fixed length control field 00551nam a22001697a 4500
003 - CONTROL NUMBER IDENTIFIER
control field OSt
005 - DATE AND TIME OF LATEST TRANSACTION
control field 20260128062858.0
008 - FIXED-LENGTH DATA ELEMENTS--GENERAL INFORMATION
fixed length control field 260128b |||||||| |||| 00| 0 eng d
020 ## - INTERNATIONAL STANDARD BOOK NUMBER
International Standard Book Number 971-87-05-66-x.
040 ## - CATALOGING SOURCE
Original cataloging agency DWC-Main lib.
Transcribing agency OC
082 ## - DEWEY DECIMAL CLASSIFICATION NUMBER
Edition number 1st ed.
Classification number SC. 412 D685 2001
245 ## - TITLE STATEMENT
Title Dokumentasyon ng mga batas pangwika, komisyon sa wikang filipino at iba pang kaugnay na batas:
Remainder of title 1935-2000/
250 ## - EDITION STATEMENT
Edition statement 1st ed.
260 ## - PUBLICATION, DISTRIBUTION, ETC.
Place of publication, distribution, etc. Manila:
Name of publisher, distributor, etc. Komisyon Sa Wikang Filipino,
Date of publication, distribution, etc. c2001
300 ## - PHYSICAL DESCRIPTION
Extent 963 p. ;
Dimensions 25 cm.
942 ## - ADDED ENTRY ELEMENTS (KOHA)
Source of classification or shelving scheme Dewey Decimal Classification
Koha item type Special Collection
Edition 1st ed.
Classification part SC.
Suppress in OPAC No
952 ## - LOCATION AND ITEM INFORMATION (KOHA)
--
Holdings
Withdrawn status Lost status Source of classification or shelving scheme Damaged status Not for loan Home library Current library Shelving location Date acquired Source of acquisition Cost, normal purchase price Total Checkouts Full call number Barcode Date last seen Copy number Price effective from Koha item type Uniform Resource Identifier
    Dewey Decimal Classification     College Library College Library Special Collection 07/30/2004 School Fund 0.00   SC. 412 D685 2001 CL40755 01/28/2026 c1 01/28/2026 SC